Hard to imagine : gay male eroticism in photography and film from their beginnings to Stonewall /

Guardat en:
Dades bibliogràfiques
Autor principal: Waugh, Thomas (Autor)
Format: Llibre
Idioma:anglès
Publicat: New York : Columbia Univ. Press, c1996
Col·lecció:Between men-between women
Etiquetes: Afegir etiqueta
Sense etiquetes, Sigues el primer a etiquetar aquest registre!

MARC

LEADER 00000nam a22000007i 4500
001 IT\ICCU\UBO\1782648
003 ItRI
005 20260115231814.0
008 020718s1996 xxu|||||| ||||| |||||c
020 |a 0231099983 
040 |b ita  |c importazione bologna sebina 
041 7 |a eng  |2 ISO-639-2 
100 1 |a Waugh, Thomas  |0 IT\ICCU\TO0V\430313  |4 aut 
240 1 0 |a Hard to imagine  |3 IT\ICCU\UBO\4373652  |9 Waugh, Thomas 
245 1 0 |a Hard to imagine :  |b gay male eroticism in photography and film from their beginnings to Stonewall /  |c Thomas Waugh. 
260 |a New York :  |b Columbia Univ. Press,  |c c1996 
300 |a XVI, 470 p. :  |b ill. ;  |c 26 cm 
830 0 |a Between men-between women  |0 IT\ICCU\MIL\0184082 
942 |2 ddc  |c BK  |n 0 
952 |0 0  |1 0  |4 0  |6 DOC_778_928000000000000_WAU  |7 0  |9 13050  |a BO  |b BO  |d 2026-01-15  |i 5528  |l 0  |o DOC 778.928 WAU  |p BO5528  |r 2026-01-15 23:18:14  |w 2026-01-15  |x [Sebina 5] [1 v.]  |y BK  |z 1 v. (con dedica dell'autore) 
999 |c 11181  |d 11181